000 00467cam a2200193 4500
001 B2715
008 090401t1989 xxu||||| |||| 00| 0 eng d
035 _a(Sirsi) u51634
041 _aeng
050 _a333.3370942876
110 _aChesterton
_92357
245 _aNewcastle upon Tyne office market review 1989
260 _aLondon
_bChesterton
_c1989
300 _a12p. : ill. ; 30cm.
350 _a0
650 _aOFFICES
942 _n0
948 _c04/03/1997
999 _c92927
_d92927